Las nuevas realidades en el gobierno y la política, en la economía y los negocios, en la sociedad y en la perspectiva mundial / (Registro nro. 5117)

Detalles MARC
000 -LEADER
fixed length control field 01357nam a2200277Ia 4500
003 - CONTROL NUMBER IDENTIFIER
control field OSt
005 - DATE AND TIME OF LATEST TRANSACTION
control field 20200330162619.0
008 - FIXED-LENGTH DATA ELEMENTS--GENERAL INFORMATION
fixed length control field 191128s1989 ck gr 000 0 spa d
020 ## - INTERNATIONAL STANDARD BOOK NUMBER
International Standard Book Number 9580408394
040 ## - CATALOGING SOURCE
Original cataloging agency CO-JMCR
Transcribing agency CO-JMCR
041 1# - LANGUAGE CODE
Language code of text/sound track or separate title spa
Language code of original eng
082 04 - DEWEY DECIMAL CLASSIFICATION NUMBER
Classification number 320.9 /
Item number D781n
Edition number 21
100 1# - MAIN ENTRY--PERSONAL NAME
Personal name Drucker, Peter F.,
Relator term autor
9 (RLIN) 2219
245 14 - TITLE STATEMENT
Title Las nuevas realidades en el gobierno y la política, en la economía y los negocios, en la sociedad y en la perspectiva mundial /
Statement of responsibility, etc. Peter F. Drucker ; traducción, Jorge Cárdenas Nannetti
260 ## - PUBLICATION, DISTRIBUTION, ETC.
Place of publication, distribution, etc. Bogotá :
Name of publisher, distributor, etc. Norma,
Date of publication, distribution, etc. 1989
300 ## - PHYSICAL DESCRIPTION
Extent 260 páginas ;
Dimensions 23 cm
505 0# - FORMATTED CONTENTS NOTE
Formatted contents note Las realidades políticas -- Gobierno y proceso político -- Economía, ecología y teoría económica -- La nueva sociedad ilustrada
520 ## - SUMMARY, ETC.
Summary, etc. De este libro, Peter Drucker dice su tesis es que el próximo siglo ya está aquí, que ya hemos avanzado en él un buen trecho. No conocemos las soluciones, pero sí los problemas y podemos precisar las líneas de conducta.
534 ## - ORIGINAL VERSION NOTE
Introductory phrase The new realities
546 ## - LANGUAGE NOTE
Language note Traducido del inglés
650 14 - SUBJECT ADDED ENTRY--TOPICAL TERM
Topical term or geographic name entry element Política internacional
General subdivision Ensayos
Chronological subdivision Siglo XX
9 (RLIN) 2220
650 14 - SUBJECT ADDED ENTRY--TOPICAL TERM
Topical term or geographic name entry element Economía internacional
General subdivision ensayos
Chronological subdivision Siglo XX
9 (RLIN) 2221
650 14 - SUBJECT ADDED ENTRY--TOPICAL TERM
Topical term or geographic name entry element Negocios
General subdivision ensayos, conferencias, etc.
Chronological subdivision Siglo XX
9 (RLIN) 2222
700 1# - ADDED ENTRY--PERSONAL NAME
Personal name Cárdenas Nannetti, Jorge,
Relator term traductor
9 (RLIN) 2223
942 ## - ADDED ENTRY ELEMENTS (KOHA)
Source of classification or shelving scheme Dewey Decimal Classification
Koha item type Books
Existencias
Withdrawn status Lost status Source of classification or shelving scheme Damaged status Not for loan Collection code Home library Current library Date acquired Source of acquisition Cost, normal purchase price Total Checkouts Full call number Barcode Date last seen Copy number Koha item type
    Dewey Decimal Classification     Non-fiction Biblioteca Pública José María del Castillo y Rada Biblioteca Pública José María del Castillo y Rada 04/15/2018 Donación 0.00   320.9 / D781n 430001328 05/16/2024 Ej.1 Books